[Event "GCT Saint Louis Blitz 2019"]
[Site "Saint Louis"]
[Date "2019.08.13"]
[Round "9"]
[White "Karjakin, Sergey"]
[Black "Dominguez Perez, Leinier"]
[Result "1-0"]
[WhiteElo "2750"]
[BlackElo "2763"]
[Annotator "TA"]
[PlyCount "85"]
[EventDate "2019.08.13"]
[EventType "tourn"]
[EventCountry "USA"]
[SourceTitle "playchess.com"]
[Source "ChessBase"]
[SourceQuality "1"]

{[%evp 9,85,-2,5,13,18,17,15,13,17,16,12,18,24,0,13,0,19,-45,-42,-42,-42,-44,-44,-38,-37,-45,-45,-37,-45,-37,-48,-72,-74,-62,-74,-185,-78,-104,-80,-85,-79,-67,-18,-19,-25,-31,-12,-14,-17,-39,33,0,0,0,0,-132,52,28,49,30,350,289,702,702,702,702,702,658,674,665,640,633,841,852,831,753,29972,29964]} 1. d4 Nf6 2. Nf3 d5 3. e3 c5 4. b3 Bg4 5. Be2 Nc6 6. Bb2 {D04: Colle System} Bxf3 7. Bxf3 cxd4 8. exd4 {The position is equal.} e6 (8... Qa5+ 9. c3 g6 10. O-O Bg7 11. c4 Rd8 12. Qe2 O-O 13. Rd1 {0-1 (50) Levin,F (2474)-Van Wely,L (2661) Belgium 2017}) 9. O-O Bd6 10. c4 O-O 11. Na3 $146 ({Predecessor:} 11. c5 Bc7 12. Nc3 Ne4 13. Bxe4 dxe4 14. d5 exd5 15. Nxd5 {1-0 (40) Denishev,M (2276)-Egorov,P (2161) Voronezh 2015}) 11... Rc8 12. g3 Re8 13. Bg2 (13. c5 $11 Bc7 14. Nb5) 13... Bxa3 $15 14. Bxa3 dxc4 15. bxc4 Qxd4 16. Qa4 Ne5 17. Rfd1 Qxc4 18. Qxa7 b5 19. Bb2 Qe2 20. Bd4 Nf3+ 21. Bxf3 Qxf3 22. Rdb1 (22. Bxf6 $17 Qxf6 23. Qd7) 22... Ne4 (22... e5 $19 {and Black stays clearly on top.} 23. Be3 Qh5) 23. Rxb5 $17 h6 24. Rb3 Qf5 $1 {White must now prevent ...Nd2.} 25. Be3 Ra8 26. Qd4 Red8 27. Qb2 h5 28. h4 Nf6 29. a4 {[%cal Ba2a4,Ba4a5][%mdl 32]} Nd5 (29... Qh3 $15 30. Bb6 Rd6) 30. Bd4 Qg4 31. a5 Nf4 32. Be3 {[#]} (32. Bb6 $1 $11 Rd5 33. Qb1) 32... Nd5 $2 (32... Rxa5 $1 $17 {[%mdl 512]} 33. Rf1 (33. Bxf4 $2 Rxa1+ 34. Qxa1 Rd1+ 35. Qxd1 Qxd1+ 36. Kg2 Qxb3 $19) (33. Rxa5 Rd1+) 33... Nd5) 33. Bd2 {Strongly threatening a6.} Qc4 34. Rb7 Rdc8 $2 {[%mdl 8192] [#]} (34... Qe2 $11) 35. a6 $1 $18 {[%mdl 512]} Rxa6 $2 (35... Nf6 36. a7 Ng4) 36. Rc1 Qxc1+ 37. Bxc1 Rac6 38. Bd2 Rc2 39. Qd4 Ra8 40. Qd3 Rca2 {[#]} 41. Qf3 $1 Nf6 42. Bg5 R8a3 43. Qf4 {Accuracy: White = 57%, Black = 31%.} 1-0

[Event "GCT Saint Louis Blitz 2019"]
[Site "Saint Louis"]
[Date "2019.08.14"]
[Round "10"]
[White "Ding, Liren"]
[Black "Yu, Yangyi"]
[Result "0-1"]
[WhiteElo "2805"]
[BlackElo "2752"]
[Annotator "TA"]
[PlyCount "78"]
[EventDate "2019.08.13"]
[EventType "tourn"]
[EventCountry "USA"]
[SourceTitle "playchess.com"]
[Source "ChessBase"]
[SourceQuality "1"]

{[%evp 15,78,12,32,19,39,12,30,0,24,0,0,-29,17,0,0,0,0,0,0,0,0,0,0,-10,0,0,0,-60,-48,-58,0,-71,-71,-172,-46,-62,-10,-12,-10,-10,-14,-13,-19,-38,-33,-167,-149,-247,-243,-219,-250,-231,-231,-222,-220,-184,0,0,0,-1213,-1213,-29983,-29984,-29998,-29999]} 1. d4 d5 2. c4 c6 3. Nf3 Nf6 4. e3 Bf5 5. Nc3 e6 6. Nh4 Be4 7. f3 Bg6 8. Qb3 Qc7 9. Bd2 {D12: Slav Defence: 3 Nf3 Nf6 4 e3 Bf5} Be7 10. Rc1 (10. O-O-O dxc4 11. Bxc4 a6 12. Be2 Nbd7 13. Nxg6 hxg6 14. Kb1 c5 15. d5 exd5 16. Nxd5 Nxd5 17. Qxd5 {0-1 (31) Karjakin,S (2773)-Caruana,F (2822) Saint Louis 2018}) 10... Nbd7 {[%cal Bb8d7,Bd7f8,Bf8e6][%mdl 32]} 11. cxd5 {White has an edge.} exd5 12. Nxg6 hxg6 13. g3 Rd8 14. Kf2 Nf8 {[#]} 15. Bd3 $146 ({Predecessor:} 15. Be2 Ne6 {½-½ (15) Ftacnik,L (2544)-Yermolinsky,A (2530) Philadelphia 2008}) 15... g5 16. h3 g6 17. Ne2 Ne6 18. Kg2 Kf8 19. Be1 Qd7 20. Bf2 Kg7 21. Qc2 (21. Bc2 $11) 21... Rh7 22. g4 Bd6 (22... Rdh8 $15) 23. Bg3 (23. h4 $11 {keeps the balance.}) 23... Bxg3 $17 24. Nxg3 {[#]} (24. Kxg3 $17 {keeps fighting.} Re8 25. Qd2) 24... Qd6 (24... c5 $1 $19 {[%mdl 512]} 25. dxc5 d4) 25. Qf2 b6 (25... Rhh8 $15) 26. Bf5 $11 Re8 27. Bxe6 Rxe6 28. Rc3 c5 $36 {[%mdl 2048] Black is more active.} 29. dxc5 bxc5 30. Rhc1 ({Better is} 30. Qd2 $15) 30... d4 $19 31. exd4 (31. Rxc5 $17 dxe3 32. Qe1) 31... Nd5 $1 {[%cal Rd5f4] White must now prevent ...Nf4+.} ({Stronger than} 31... cxd4 32. Rc6 $1 $11 {[%mdl 512]}) 32. dxc5 Nf4+ {[%mdl 64] Double Attack} 33. Kf1 {[#]} Qa6+ $1 34. Rc4 {aiming for Qd4+.} Rxh3 35. b3 {[#]} Rxg3 $1 {[%mdl 512]} 36. Qxg3 $11 {Threatens to win with Qf2.} Qxa2 37. Qf2 $2 {[%mdl 8192] [#]} (37. Re4 $11) 37... Re2 $1 $19 {[%cal Re2f2]} 38. Qd4+ Kh7 39. Ra1 {[#]} Re1+ $1 {[%mdl 512] Accuracy: White = 38%, Black = 54%.} 0-1

[Event "GCT Saint Louis Blitz 2019"]
[Site "Saint Louis"]
[Date "2019.08.14"]
[Round "10"]
[White "Vachier-Lagrave, Maxime"]
[Black "Carlsen, Magnus"]
[Result "1/2-1/2"]
[WhiteElo "2778"]
[BlackElo "2882"]
[Annotator "TA"]
[PlyCount "109"]
[EventDate "2019.08.13"]
[EventType "tourn"]
[EventCountry "USA"]
[SourceTitle "playchess.com"]
[Source "ChessBase"]
[SourceQuality "1"]

{[%evp 20,109,30,0,37,37,33,37,37,39,35,40,42,27,33,36,78,69,67,62,60,46,46,55,68,31,25,0,0,0,0,0,0,0,0,0,0,-19,-8,-112,-110,-110,-113,-104,-114,-139,-142,-118,-143,-229,-228,-262,-254,-255,-243,-248,-156,-161,-51,-70,-70,-71,-70,-69,-64,-70,-52,-55,0,-70,-18,-22,0,0,0,0,0,0,0,0,0,0,0,0,8,0,0,0,0,0,0,0]} 1. e4 c5 2. Nf3 Nc6 3. c3 Nf6 4. e5 Nd5 5. Bc4 (5. d4 cxd4 6. Bc4 Nb6 7. Bb3 d5 8. exd6 Qxd6 9. O-O {½-½ (11) Hracek,Z (2625)-Gelfand,B (2665) Yerevan 1996}) 5... Nb6 6. Bb3 d5 7. exd6 Qxd6 8. O-O Be6 9. d4 cxd4 10. Na3 Bxb3 11. axb3 a6 {B22: Sicilian: 2 c3} 12. Nxd4 Nxd4 13. Be3 Nf5 {White is slightly better.} 14. Qxd6 Nxd6 15. Bxb6 Rc8 16. Rad1 Rc6 $146 ({Predecessor:} 16... e6 17. Nc4 Rc6 18. Nxd6+ Bxd6 19. Bd4 f6 20. Rd2 Ke7 21. Rfd1 e5 22. Be3 Ke6 {½-½ (22) Sadler,K (1635)-Waerstad,L (1842) LSS email 2009}) 17. Be3 e5 18. Rd5 f6 19. Rfd1 Kf7 20. Nc2 Ke6 $1 21. f4 Be7 22. fxe5 fxe5 23. c4 Ne4 24. Ne1 Rd6 25. Nd3 Rxd5 26. cxd5+ Kd6 27. b4 $1 Rb8 28. Bb6 Bd8 29. Bxd8 (29. Ba7 $1 $11 Rc8 30. Nc5 Nxc5 31. bxc5+ Ke7 32. Re1) 29... Rxd8 $11 {[%mdl 4096] Endgame KRN-KRN} 30. Re1 Kxd5 31. Nf4+ Kc6 32. Ne6 Rd6 33. Nxg7 Rd4 34. Nf5 (34. b5+ $17 axb5 35. Nf5) 34... Rxb4 $19 35. Re2 a5 36. g4 Ng5 37. Kf2 Rxg4 {[#] aiming for ...Rf4+.} 38. Rxe5 Rb4 (38... a4 $19 {Hoping for ...Rb4.} 39. Ne3 Rf4+ 40. Ke2 h6) 39. Rxa5 Rxb2+ 40. Kg3 {Black must now prevent Nd4+.} Ne4+ 41. Kf4 Nc5 42. h4 Kd5 43. Ne3+ Kc6 44. Nf5 $1 b6 (44... Rb4+ $15 45. Kg5 Re4) 45. Ra7 $11 {The position is equal.} Rb4+ (45... h5 {keeps more tension.} 46. Ke3 Nd7 47. Kf4 Rd2 48. Kg5 b5) 46. Kg5 Ne4+ 47. Kh6 Nd6 48. Ne7+ Kb5 49. h5 Rh4 50. Nd5 Ne4 51. Rxh7 Kc6 52. Nxb6 Rxh5+ {[%mdl 64] [#] Decoy} 53. Kxh5 Nf6+ 54. Kg6 Nxh7 55. Kxh7 {Accuracy: White = 70%, Black = 57%.} 1/2-1/2

[Event "GCT Saint Louis Blitz 2019"]
[Site "Saint Louis"]
[Date "2019.08.14"]
[Round "10"]
[White "Mamedyarov, Shakhriyar"]
[Black "Dominguez Perez, Leinier"]
[Result "1-0"]
[WhiteElo "2764"]
[BlackElo "2763"]
[Annotator "TA"]
[PlyCount "89"]
[EventDate "2019.08.13"]
[EventType "tourn"]
[EventCountry "USA"]
[SourceTitle "playchess.com"]
[Source "ChessBase"]
[SourceQuality "1"]

{[%evp 9,89,0,0,0,0,0,0,0,1,0,0,-29,-20,-15,-3,-14,65,60,69,60,56,58,89,49,53,46,53,54,66,67,72,62,64,63,89,70,62,63,91,88,79,74,71,67,84,43,35,48,70,70,68,62,76,68,90,94,87,83,82,88,90,90,93,69,102,68,70,70,60,54,125,131,194,208,833,840,822,812,1128,976,908,889]} 1. e4 e5 2. Nc3 Nf6 3. g3 Bc5 4. Bg2 c6 5. Nge2 d5 6. exd5 {C26: Vienna Game: 2...Nf6, sidelines} cxd5 7. d4 exd4 8. Nxd4 {The position is equal.} O-O 9. O-O Bg4 10. Qd3 Bxd4 11. Qxd4 {[%cal Rc3d5]} Nc6 12. Qf4 Bh5 $146 ({Better is} 12... Qd7 $1 $11) ({Predecessor:} 12... Qd7 13. Re1 {0-1 (54) Predke,A (2622)-Matlakov,M (2700) St Petersburg 2018}) 13. Qh4 $36 {[%mdl 2048] [#] Black must now prevent Bg5. White has good play.} d4 14. Nd5 Nxd5 15. Qxh5 Nf6 16. Qh4 Nd5 17. Bg5 Qa5 18. Rfd1 h6 19. Bd2 $1 {[%cal Rd2a5]} Qd8 $1 20. Qh5 Nf6 21. Qf5 Re8 22. Re1 Qd6 23. a3 a6 24. Rad1 Rad8 25. Bf4 Rxe1+ 26. Rxe1 Qd7 27. Bh3 {Threatens to win with Qxd7.} Qxf5 28. Bxf5 Nd5 29. Bd2 Kf8 30. Kg2 Nde7 31. Bd3 Rd7 32. g4 Nd5 33. f4 Nb6 34. b3 {[%cal Bb2b3,Bb3b4][%mdl 32]} Rd8 35. h4 Nd7 36. b4 Nb6 37. h5 Nd5 38. Kf3 Nc3 39. g5 hxg5 ({Black should play} 39... Rd6 $14) 40. fxg5 $16 Rd5 (40... Na4 $16 41. h6 Kg8) 41. Bf4 $18 Nb5 $2 {[#]} (41... Rd8 42. Bc7 Rc8) 42. h6 {White is clearly winning.} gxh6 43. gxh6 Ne7 44. h7 Rh5 45. Kg4 {Accuracy: White = 65%, Black = 53%.} 1-0

[Event "GCT Saint Louis Blitz 2019"]
[Site "Saint Louis"]
[Date "2019.08.14"]
[Round "10"]
[White "Karjakin, Sergey"]
[Black "Aronian, Levon"]
[Result "1-0"]
[WhiteElo "2750"]
[BlackElo "2765"]
[Annotator "TA"]
[PlyCount "103"]
[EventDate "2019.08.13"]
[EventType "tourn"]
[EventCountry "USA"]
[SourceTitle "playchess.com"]
[Source "ChessBase"]
[SourceQuality "1"]

{[%evp 16,103,0,0,10,5,0,0,6,4,36,20,46,12,73,77,138,132,137,141,137,131,137,139,135,137,155,135,202,174,177,177,172,175,171,177,180,182,179,179,179,179,183,183,179,175,175,179,168,162,187,161,610,587,1456,564,1679,1637,1800,1350,6544,10538,1897,1370,6070,6287,4133,3961,29965,29966,29966,29965,29966,29966,29966,29968,29969,29970,29971,29971,29971,29972,29973,29974,29973,29974,29973,29970,29970,29971]} 1. e4 e5 2. Nf3 Nc6 3. Nc3 Nf6 4. d4 exd4 5. Nxd4 Bb4 6. Nxc6 bxc6 7. Bd3 O-O 8. O-O d5 9. Bd2 Bxc3 {C47: Scotch Four Knights and Four Knights with 4 g3} (9... Bg4 10. Qc1 Re8 11. Nxd5 Nxd5 12. exd5 Bxd2 13. Qxd2 cxd5 14. Qf4 Be6 15. b4 c6 16. a4 Qb8 17. Qh4 {½-½ (38) Nepomniachtchi,I (2763)-Svidler,P (2737) St Petersburg 2018}) 10. Bxc3 Nxe4 11. Bxe4 dxe4 {The position is equal.} 12. Qh5 Qd6 $146 ({Predecessor:} 12... Qd5 13. Qh4 Bf5 14. Rad1 Qe6 15. Rfe1 Bg6 16. Qf4 Rac8 17. h4 {½-½ (25) Molander,R (2291)-Koskela,N (2307) Helsinki 2003}) 13. Rfe1 {[%mdl 1024] White has compensation.} Re8 14. Re3 Re6 (14... Qd5 $11 {keeps the balance.} 15. Qh4 Bf5) 15. Rd1 $40 {[%mdl 128] White goes for the king.} Qe7 {[#]} (15... Qf8 $142) 16. Rg3 $1 {[%mdl 512]} Rg6 17. Qe5 Be6 18. Rxg6 fxg6 19. Qxe4 Re8 20. Qxc6 Bg4 21. Qc4+ Qe6 {[#]} (21... Be6 $16 22. Qa4 Rd8) 22. Qxc7 $1 {[%csl Gc3][%cal Rc7g7][%mdl 512]} Qf7 23. Qxf7+ Kxf7 $18 {[%mdl 4096] Endgame KRB-KRB} 24. Rd5 Bf5 25. f3 Bxc2 {[#]} 26. Ra5 $1 Re7 27. Bd4 Bd3 28. Rxa7 Rxa7 29. Bxa7 {KB-KB} g5 30. Kf2 Ke6 31. Ke3 Bf1 32. g3 h5 33. Kd4 Be2 $2 (33... Kd6 34. Bc5+ Kc6) 34. Kc5 Bxf3 35. a4 (35. b4 $142 Kd7 36. a4) 35... Kd7 36. a5 {[%cal Ba4a5,Ba5a6][%mdl 32]} Kc7 37. b4 h4 38. b5 Be2 39. Bb6+ Kc8 40. a6 Kd7 41. Ba5 h3 {[#]} 42. g4 $1 {[%mdl 512] White mates.} Kc8 (42... Bxg4 43. b6) 43. Be1 Kb8 44. Kb6 Bxg4 45. Bg3+ Ka8 46. Ka5 Bc8 47. b6 {[%cal Bb5b6,Bb6b7][%mdl 32]} g4 48. Be5 g5 49. Bd6 g3 50. Bxg3 g4 51. Bf4 g3 52. b7+ {Accuracy: White = 80%, Black = 27%.} 1-0

[Event "GCT Saint Louis Blitz 2019"]
[Site "Saint Louis"]
[Date "2019.08.14"]
[Round "10"]
[White "Rapport, Richard"]
[Black "Caruana, Fabiano"]
[Result "1-0"]
[WhiteElo "2747"]
[BlackElo "2818"]
[Annotator "TA"]
[PlyCount "125"]
[EventDate "2019.08.13"]
[EventType "tourn"]
[EventCountry "USA"]
[SourceTitle "playchess.com"]
[Source "ChessBase"]
[SourceQuality "1"]

{[%evp 9,125,-6,0,0,22,0,0,0,0,0,16,0,0,-10,0,0,0,0,0,0,0,-14,0,-76,-81,-191,-199,-198,-53,-58,-49,-197,-199,-252,-233,-220,-187,-180,-183,-172,-158,-154,-111,-100,-88,-86,-104,-110,0,0,0,0,51,49,49,45,49,0,55,51,49,53,75,71,89,48,48,49,39,42,152,152,158,153,159,147,150,161,162,167,179,113,200,200,183,190,481,481,616,601,1120,1119,1081,1056,1049,1023,1233,1240,1240,1233,1214,1210,992,541,1145,314,29968,29970,29967,29969,29976,29976,29978,29979,29980,29980,29980,29981]} 1. d4 Nf6 2. Bg5 d5 3. e3 c5 4. c3 (4. Bxf6 gxf6 5. dxc5 e6 6. Nf3 Bxc5 7. Be2 O-O 8. O-O Nc6 9. c4 dxc4 10. Qa4 Nb4 11. Qb5 b6 12. Qxc4 f5 13. Rd1 Qf6 {½-½ (29) Shimanov,A (2613)-So,W (2762) chess.com INT 2019}) 4... Nc6 5. Nd2 cxd4 6. exd4 {D00: 1 d4 d5: Unusual lines} Bf5 7. Ne2 e6 8. Nc1 $146 {The position is equal.} ({Predecessor:} 8. Ng3 Bg6 9. h4 h6 10. h5 Bh7 11. Bf4 Bd6 12. Bxd6 Qxd6 {0-1 (43) Johansson,J (2365)-Rodriguez Cespedes,A (2510) Barbera del Valles 1996}) 8... Be7 9. Bd3 Bg6 10. h4 Bxd3 11. Nxd3 h6 12. Bxf6 Bxf6 13. Nf3 O-O 14. g4 Re8 15. g5 e5 {...e4 is the strong threat.} 16. Kf1 (16. gxf6 $11 e4 17. fxg7) 16... e4 $17 {[%mdl 64] Double Attack} 17. Nf4 (17. gxf6 $17 {was worth a try.} Qxf6 18. Nde5 exf3 19. Qxf3) 17... exf3 $19 (17... hxg5 18. Nxg5 Bxg5 19. hxg5 $14) 18. gxf6 Re4 (18... Qxf6 $19 19. Nxd5 Qf5) 19. Nh5 $15 g6 20. Ng3 (20. Qd2 $1 $15) 20... Rf4 $19 21. h5 (21. Qd3 $142) 21... g5 $1 (21... Qxf6 22. hxg6 Qxg6 23. Qb1 $11) 22. Qd3 Qd7 ({But not} 22... Rxf6 23. Re1 $17) 23. Re1 Rxf6 24. Re3 Qg4 25. Qb5 Re6 26. Rxe6 Qxe6 27. Qd3 g4 28. Qf5 Re8 (28... Kh8 $1 $17 29. Qxe6 fxe6) 29. Qxe6 $11 Rxe6 {[%mdl 4096] Endgame KRN-KRN} 30. Rh4 Rf6 ({Black should try} 30... Kf8 $11) 31. Rxg4+ $14 Kf8 32. Ke1 Nd8 33. Nf1 Rf5 ({Better is} 33... Ra6 $11) 34. Rh4 Ne6 35. Kd2 Ke7 36. Ne3 Rg5 37. Rh3 Ng7 38. Rxf3 Rxh5 39. a4 Rg5 (39... f6 $14) 40. Rh3 $1 $16 h5 41. f4 Rg1 42. Nxd5+ Ke6 43. Ne3 Rb1 44. b4 b6 45. d5+ (45. f5+ $18 Kf6 46. Kd3) 45... Kd6 (45... Kd7 $16 46. Kd3 Ra1) 46. Rg3 $18 Ne8 47. Rg5 Nf6 $2 (47... h4 {is a better defense.} 48. Rh5 Ra1) 48. Rf5 Ke7 49. d6+ Ke6 {[#]} 50. Rxf6+ $1 {[%mdl 512]} Kxf6 {[#] KR-KN} 51. f5 $1 Rg1 {[#]} 52. Nd5+ $1 Ke5 53. d7 Rg8 54. Ne7 Rh8 55. Nc6+ {[%mdl 64] Double Attack} Kxf5 56. Ke3 h4 {Threatens to win with ...h3.} 57. Kf3 $2 (57. d8=Q Rxd8 58. Nxd8) 57... h3 $2 (57... Ke6 $18 58. d8=Q Rxd8 59. Nxd8+ Kd6) 58. d8=Q {White mates.} Rxd8 59. Nxd8 f6 60. Nc6 a6 61. a5 bxa5 62. bxa5 Ke6 63. Nb4 {Accuracy: White = 62%, Black = 39%.} 1-0

[Event "GCT Saint Louis Blitz 2019"]
[Site "Saint Louis"]
[Date "2019.08.14"]
[Round "11"]
[White "Carlsen, Magnus"]
[Black "Karjakin, Sergey"]
[Result "1-0"]
[WhiteElo "2882"]
[BlackElo "2750"]
[Annotator "TA"]
[PlyCount "57"]
[EventDate "2019.08.13"]
[EventType "tourn"]
[EventCountry "USA"]
[SourceTitle "playchess.com"]
[Source "ChessBase"]
[SourceQuality "1"]

{[%evp 11,57,-7,8,0,-7,-31,0,-37,-6,-21,-14,-39,-47,-45,-18,-25,-21,-17,0,0,83,81,83,0,42,25,24,16,126,137,125,135,125,125,140,133,143,139,284,311,304,303,284,293,300,277,690,692]} 1. d4 Nf6 2. c4 e6 3. Nc3 Bb4 4. a3 Bxc3+ 5. bxc3 O-O 6. f3 c5 7. e4 {E24: Nimzo-Indian: Sämisch: Unusual Black 5th moves and 5...c5 sidelines} Nc6 8. Be3 (8. e5 $5 {[%cal Re5f6]} Ne8 9. f4 $11) (8. e5 Ne8 9. f4 b6 10. Nf3 Ba6 11. Bd3 f5 12. d5 Na5 13. d6 g6 14. Qe2 Ng7 15. Be3 {1-0 (41) Berkes,F (2666)-Azarov,S (2585) Skopje 2019}) 8... b6 9. Bd3 {The position is equal.} Ba6 10. Nh3 $146 ({Predecessor:} 10. e5 Ne8 11. f4 f5 12. d5 Na5 13. d6 Nxc4 14. Qe2 Nxe3 15. Bxa6 {1-0 (35) Rosenthal,J (2316)-Beckhuis,G (2291) Switzerland 2016}) 10... Na5 11. Bg5 {Threatens to win with e5.} h6 ({Wrong is} 11... Nxc4 $2 12. Qa4 $18) 12. Bh4 $1 {And now e5 would win.} Qc7 (12... Bxc4 $6 13. e5 $16) ({Much weaker is} 12... Nxc4 $6 13. Qa4 $14) 13. Bxf6 gxf6 14. Qd2 Kg7 {Strongly threatening ...Nb3.} ({Don't play} 14... Bxc4 $6 15. Bxc4 Nxc4 16. Qxh6 $16) 15. Nf4 Rh8 (15... Bxc4 $11 16. Nh5+ Kg6 17. e5+ Bxd3 18. Nxf6 c4) 16. Nh5+ $16 Kf8 {[#] Black wants to play ...Nb3.} 17. Qf2 (17. Rd1 $1 $16) 17... Bxc4 18. Bxc4 Nxc4 19. O-O Rg8 (19... Rc8 $11) 20. Nxf6 Rg6 21. e5 d6 22. f4 Kg7 23. Rae1 cxd4 24. cxd4 {[%cal Bc3d4,Bd4e5][%mdl 32]} Rc8 (24... Kh8 $16 {might work better.}) 25. f5 $18 exf5 26. Qxf5 dxe5 27. dxe5 Qc5+ {[#]} 28. Kh1 $1 Rc7 $2 (28... Rf8 29. Nh5+ Kg8) 29. Ne8+ {[%mdl 64] Double Attack. Accuracy: White = 56%, Black = 25%.} 1-0

[Event "GCT Saint Louis Blitz 2019"]
[Site "Saint Louis"]
[Date "2019.08.14"]
[Round "11"]
[White "Vachier-Lagrave, Maxime"]
[Black "Rapport, Richard"]
[Result "1-0"]
[WhiteElo "2778"]
[BlackElo "2747"]
[Annotator "TA"]
[PlyCount "83"]
[EventDate "2019.08.13"]
[EventType "tourn"]
[EventCountry "USA"]
[SourceTitle "playchess.com"]
[Source "ChessBase"]
[SourceQuality "1"]

{[%evp 13,82,13,23,4,22,34,23,0,0,-1,0,0,0,0,-3,0,0,0,45,17,39,32,34,14,2,14,31,33,55,34,29,50,53,40,35,35,38,12,153,141,135,97,105,106,92,93,129,134,137,137,159,138,106,67,71,81,80,64,291,287,264,264,257,257,253,251,238,230,709,702,29999]} 1. e4 e5 2. Nf3 Nc6 3. Bb5 a6 4. Ba4 Nf6 5. O-O Be7 6. d3 b5 7. Bb3 d6 8. a3 {C84: Closed Ruy Lopez: Unusual White 6th moves} a5 $146 (8... Na5 9. Ba2 c5 10. Nc3 Be6 11. Nh4 O-O 12. Nf5 Nc6 13. Bg5 Bxf5 14. exf5 Qd7 15. g4 Rac8 16. Bxf6 Bxf6 {½-½ (31) Nepomniachtchi,I (2771)-Adams,M (2708) Astana 2019}) 9. Nc3 Rb8 10. Nd5 {White has an edge.} a4 11. Ba2 Nxd5 12. Bxd5 Bd7 13. b4 axb3 14. cxb3 O-O 15. Qc2 Na7 {[%cal Bc6a7,Ba7c8,Bc8b6][%mdl 32] [#] Strongly threatening ...c6.} 16. b4 Nc8 17. Be3 Nb6 18. Bb3 Bg4 19. Nd2 c5 20. h3 Bd7 21. bxc5 (21. Nf3 {with more complications.} Rc8 22. bxc5 Na4 23. Bxa4 bxa4 24. Rac1) 21... dxc5 22. Bxc5 Bxc5 23. Qxc5 {aiming for Nf3.} Bxh3 $1 {...Qg5! is the strong threat.} 24. Qxe5 Qxd3 25. Rad1 Bg4 {[#]} (25... Rfe8 $11 {keeps the balance.} 26. Bxf7+ {[%mdl 64] Decoy} Kxf7 27. Qh5+ Kg8) 26. Bxf7+ $1 $16 {[%mdl 576] Decoy} Kxf7 (26... Rxf7 27. Nf3) 27. Qf4+ Kg8 28. Qxg4 Qxa3 29. Nf3 Qe7 30. e5 Nc4 31. Rd5 Qe8 32. Rb1 ({Don't take} 32. Rd7 $6 Qg6 $14) 32... Qc6 33. Rd7 $40 {[%csl Gd7][%cal Rg4g7][%mdl 128] White mounts an attack.} Qg6 34. Qxg6 hxg6 35. e6 Rbe8 $2 (35... Nb6 $14) 36. Rxb5 $18 Rxe6 37. Rbb7 Rf5 38. Rxg7+ Kf8 39. Rh7 {[%cal Rh7h8]} Rh5 40. Rhf7+ Ke8 $2 (40... Kg8 41. Rg7+ Kf8) 41. Rfc7 {[%cal Rc7c8]} Rb6 42. Rc8# {Accuracy: White = 69%, Black = 40%.} 1-0

[Event "GCT Saint Louis Blitz 2019"]
[Site "Saint Louis"]
[Date "2019.08.14"]
[Round "11"]
[White "Aronian, Levon"]
[Black "Mamedyarov, Shakhriyar"]
[Result "1-0"]
[WhiteElo "2765"]
[BlackElo "2764"]
[Annotator "TA"]
[PlyCount "110"]
[EventDate "2019.08.13"]
[EventType "tourn"]
[EventCountry "USA"]
[SourceTitle "playchess.com"]
[Source "ChessBase"]
[SourceQuality "1"]

{[%evp 9,110,39,43,40,38,24,59,65,64,64,55,58,95,66,393,387,389,404,447,455,441,421,456,315,316,306,297,302,325,309,353,367,353,331,318,331,446,427,438,370,389,369,406,406,379,0,380,366,379,377,436,422,533,527,497,395,387,380,412,449,531,533,650,648,699,738,668,604,650,689,876,820,805,717,751,672,1561,1536,1150,0,728,735,711,619,1985,2309,7918,6138,5093,4995,2106,2253,29972,2310,29973,29974,29974,29975,29975,29975,29976,29977,29992]} 1. c4 Nf6 2. Nc3 g6 3. e4 e5 4. Nf3 Nc6 5. d4 exd4 6. Nxd4 {A28: English Opening: Four Knights Variation} Bg7 7. Nxc6 bxc6 (7... dxc6 8. Qxd8+ Kxd8 9. Bf4 Be6 10. O-O-O+ Nd7 11. Be2 Bxc3 12. bxc3 Kc8 {½-½ (63) Nepomniachtchi,I (2751)-Adhiban,B (2677) Tbilisi 2017}) 8. e5 $1 {[%cal Re5f6] White is slightly better.} Qe7 9. Qe2 Ng8 $1 10. Bf4 Qe6 $146 ({Predecessor:} 10... Bb7 11. O-O-O O-O-O 12. Qe3 Kb8 {1-0 (53) Czebe,A (2499)-Antal,G (2473) Budapest 2003}) 11. Ne4 Ne7 $2 {[%mdl 8192] [#]} (11... f6 $14) 12. Ng5 $1 $18 {[%cal Rg5e6]} Qf5 13. g3 d5 14. Bh3 Qxh3 15. Nxh3 Bxh3 16. e6 Bxe6 17. Be5 ({Much less strong is} 17. Bxc7 dxc4 18. Be5 Bxe5 $18) 17... Bxe5 18. Qxe5 O-O-O 19. O-O-O dxc4 20. Qc5 Nd5 21. Qxc6 {Black must now prevent Qa8+.} Nb6 22. Rhe1 Rd3 23. Rxd3 cxd3 24. Rxe6 fxe6 25. Qxe6+ {[%mdl 4096] Endgame KQ-KRN} Kb8 26. Qe7 Kc8 27. Qe6+ Kb8 28. Qf6 Re8 {intending ...Nc4.} 29. Kd2 Re5 30. Kxd3 Rf5 31. Qh8+ Kb7 32. f4 Rf7 33. Ke2 a5 34. b3 a4 35. bxa4 Re7+ 36. Kf3 Nxa4 37. Qd8 Re6 38. Qd7 Rc6 39. Qxh7 Kb6 40. h4 Nc3 41. Qf7 Nb5 42. h5 Nd4+ 43. Ke4 Nb5 44. Kf3 $2 (44. hxg6 $18 Nd6+ 45. Ke5 Rc5+ 46. Ke6) 44... gxh5 $2 {[%mdl 8192]} (44... Nd4+ $11 45. Ke4 Nb5) 45. Qxh5 Rc3+ 46. Kg4 c5 47. f5 Rc2 48. Qh6+ Ka5 49. Qe3 Rc4+ 50. Kh3 Rc3 51. Qf4 (51. Qe7 $142 Nd4 52. f6 Kb4 53. Qb7+ Kc4 54. f7 Rf3 {[#]} 55. Qxf3 $1 {[%mdl 576] Promotion} Nxf3 56. f8=Q) 51... Nd4 52. f6 {White mates.} Rf3 53. Qc7+ {[%mdl 64] Double Attack} Kb4 54. f7 Kc4 55. Qe7 Nf5 {Accuracy: White = 72%, Black = 28%.} 1-0